[Event "41st Olympiad Women 2014"]
[Site "Tromso NOR"]
[Date "2014.08.04"]
[Round "3.37"]
[Board "2"]
[White "Mazariegos, Silvia Carolina"]
[Black "Mucha, Annegret"]
[Result "1/2-1/2"]
[WhiteTitle "WIM"]
[BlackTitle "WCM"]
[WhiteElo "2017"]
[BlackElo "2008"]
[WhiteTeam "Guatemala"]
[BlackTeam "ICCD"]
[WhiteFideId "7300115"]
[BlackFideId "24622788"]
[EventDate "2014.08.02"]

1. d4 Nf6 2. Bg5 e6 3. e4 h6 4. Bh4 g5 5. Bg3 Nxe4 6. Bd3 Nxg3 7. hxg3 Bg7 8. c3
d6 9. Na3 Bd7 10. Qe2 Nc6 11. O-O-O d5 12. f4 Qe7 13. Nf3 O-O-O 14. Nd2 f6 15.
Nb3 e5 16. Rde1 e4 17. Nc5 Nb8 18. Qd1 Qd6 19. Bb5 c6 20. Be2 gxf4 21. Qa4 Qc7
22. Qxa7 Bf8 23. gxf4 Bxc5 24. Qxc5 Qxf4+ 25. Kb1 Qc7 26. g4 f5 27. gxf5 Bxf5
28. Reg1 Nd7 29. Qe7 Nb6 30. Qf6 Bd7 31. Rxh6 Rxh6 32. Qxh6 Kb8 33. Rg7 Qc8 34.
Qd6+ Qc7 35. Qh6 Qc8 36. Qd6+ Qc7 37. Qh6 1/2-1/2

[Event "41st Olympiad Women 2014"]
[Site "Tromso NOR"]
[Date "2014.08.04"]
[Round "3.37"]
[Board "3"]
[White "Myronenko, Natalya"]
[Black "Figueroa, Julissa"]
[Result "1-0"]
[BlackTitle "WCM"]
[WhiteElo "1942"]
[BlackElo "1833"]
[WhiteTeam "ICCD"]
[BlackTeam "Guatemala"]
[WhiteFideId "14124530"]
[BlackFideId "7300450"]
[EventDate "2014.08.02"]

1. e4 c5 2. Nf3 Nc6 3. d4 cxd4 4. Nxd4 e5 5. Nb5 d6 6. N1c3 a6 7. Na3 b5 8. Nd5
Bb7 9. c3 Nge7 10. Nc2 Nxd5 11. exd5 Ne7 12. Nb4 Rc8 13. a4 bxa4 14. Rxa4 g6 15.
Bxa6 Bxa6 16. Rxa6 Nf5 17. O-O Bg7 18. Nc6 Qf6 19. Re1 O-O 20. Nxe5 Qh4 21. Nf3
Qc4 22. Ra4 Qc5 23. Ng5 Rb8 24. Ne4 Qc7 25. g4 Ne7 26. Bf4 Rxb2 27. Bxd6 Qd8 28.
Ra7 Re8 29. Ba3 Nc8 30. Ra8 Rb7 31. Nd6 Rxe1+ 32. Qxe1 Rc7 33. Nxf7 Bxc3 34.
Qxc3 Kxf7 35. Qf3+ Kg8 36. Qe4 Kg7 37. Qe5+ Kg8 38. Bb2 Qd7 39. Qh8+ Kf7 40.
Qxh7+ 1-0

[Event "41st Olympiad Women 2014"]
[Site "Tromso NOR"]
[Date "2014.08.04"]
[Round "3.37"]
[Board "4"]
[White "Mencos Castillo, Maria"]
[Black "Gerasimova, Olga"]
[Result "0-1"]
[WhiteTitle "WIM"]
[BlackTitle "WIM"]
[WhiteElo "1808"]
[BlackElo "2045"]
[WhiteTeam "Guatemala"]
[BlackTeam "ICCD"]
[WhiteFideId "7300867"]
[BlackFideId "24109622"]
[EventDate "2014.08.02"]

1. e4 c5 2. Nc3 Nc6 3. g3 e6 4. Bg2 g6 5. d3 Bg7 6. Nge2 d6 7. Be3 Nge7 8. Qd2
Nd4 9. Nc1 O-O 10. O-O Rb8 11. a4 Nec6 12. N1a2 a6 13. Rae1 b5 14. axb5 axb5 15.
f4 b4 16. Nd1 Nxc2 17. Qxc2 b3 18. Qb1 bxa2 19. Qxa2 Nb4 20. Qb1 Ba6 21. Nf2 c4
22. Rd1 cxd3 23. Bd2 Nc2 24. Qa2 Qb6 25. b4 Bb5 26. Kh1 Ra8 27. Qb1 Ra1 28. Qb3
Ra3 29. Qb1 Bc4 30. e5 dxe5 31. Ne4 exf4 32. Nc5 Ra1 33. Nd7 Qb5 34. Nxf8 Rxb1 0-1

[Event "41st Olympiad Women 2014"]
[Site "Tromso NOR"]
[Date "2014.08.04"]
[Round "3.38"]
[Board "1"]
[White "Bakri, Alia Anin Azwa"]
[Black "Abarca Gonzalez, Damaris"]
[Result "0-1"]
[WhiteTitle "WFM"]
[BlackTitle "WFM"]
[WhiteElo "1964"]
[BlackElo "2049"]
[WhiteTeam "Malaysia"]
[BlackTeam "Chile"]
[WhiteFideId "5702712"]
[BlackFideId "3409414"]
[EventDate "2014.08.02"]

1. d4 d5 2. c4 c6 3. Nf3 Nf6 4. e3 Bf5 5. Nc3 e6 6. Be2 Nbd7 7. O-O Bd6 8. h3
O-O 9. Nh4 Bg6 10. Nxg6 hxg6 11. Qb3 Qc7 12. cxd5 exd5 13. Bd2 Rfe8 14. Rac1 Qb6
15. Qc2 Qd8 16. Bf3 Nf8 17. e4 dxe4 18. Nxe4 Nxe4 19. Bxe4 Ne6 20. Be3 Bc7 21.
Rfd1 Ng5 22. Bxg5 Qxg5 23. g3 Bxg3 24. Bg2 Bf4 25. Rb1 Rad8 26. Qc4 Rd7 27. Re1
Red8 28. Re4 Qf6 29. Rd1 Bc7 30. Qe2 Rxd4 31. Rdxd4 Rxd4 32. Rxd4 Qxd4 33. Qe8+
Kh7 34. Qxf7 Bb6 35. b3 Qa1+ 36. Bf1 Qxa2 37. Bc4 Qb1+ 38. Kh2 Qf5 39. Qg8+ Kh6
40. Qh8+ Kg5 41. h4+ Kf4 42. Qb8+ Qe5 43. Qxe5+ Kxe5 44. Kg3 Bc7 45. Kf3 Kd4 46.
Kg4 b5 47. Bf7 c5 48. Bxg6 Kc3 49. Bf7 c4 50. bxc4 bxc4 51. f4 a5 52. h5 a4 53.
f5 Be5 54. f6 Bxf6 0-1

[Event "41st Olympiad Women 2014"]
[Site "Tromso NOR"]
[Date "2014.08.04"]
[Round "3.38"]
[Board "2"]
[White "Reyes Jara, Paula"]
[Black "Tan, Li Ting"]
[Result "0-1"]
[WhiteTitle "WFM"]
[BlackTitle "WCM"]
[WhiteElo "2041"]
[BlackElo "1945"]
[WhiteTeam "Chile"]
[BlackTeam "Malaysia"]
[WhiteFideId "3403920"]
[BlackFideId "5704820"]
[EventDate "2014.08.02"]

1. e4 e5 2. Nf3 Nc6 3. Bc4 Bc5 4. d3 Nf6 5. Nc3 d6 6. Bg5 h6 7. Bxf6 Qxf6 8. Nd5
Qd8 9. c3 a6 10. d4 exd4 11. cxd4 Ba7 12. h3 O-O 13. O-O b5 14. Bb3 Na5 15. Bc2
Bb7 16. Qd3 f5 17. b4 Nc4 18. a4 Re8 19. axb5 axb5 20. Rfe1 g6 21. Nc3 fxe4 22.
Nxe4 Bb6 23. Nc3 Qf6 24. Nxb5 Bxf3 25. Qxf3 Qxf3 26. gxf3 c6 27. Nc3 Rxa1 28.
Rxa1 Bxd4 29. Rc1 Bxc3 30. Bxg6 Re1+ 0-1

[Event "41st Olympiad Women 2014"]
[Site "Tromso NOR"]
[Date "2014.08.04"]
[Round "3.38"]
[Board "3"]
[White "Azman Hisham, Nur Nabila"]
[Black "Fuentes Inzunza, Lesly"]
[Result "1-0"]
[WhiteTitle "WCM"]
[WhiteElo "1916"]
[BlackElo "1895"]
[WhiteTeam "Malaysia"]
[BlackTeam "Chile"]
[WhiteFideId "5702135"]
[BlackFideId "3408205"]
[EventDate "2014.08.02"]

1. d4 d5 2. Nf3 e6 3. c4 Be7 4. Nc3 Nf6 5. Bg5 h6 6. Bh4 O-O 7. e3 b6 8. cxd5
exd5 9. Bd3 Be6 10. O-O Nbd7 11. Rc1 c5 12. Ba6 Ne4 13. Bxe7 Qxe7 14. Bb7 Nxc3
15. Rxc3 Rad8 16. dxc5 bxc5 17. Bc6 Qd6 18. Bxd7 Rxd7 19. Qc2 d4 20. Rxc5 d3 21.
Qc3 Bxa2 22. Nd4 Be6 23. Rd1 Rb8 24. b4 Rdb7 25. b5 g6 26. Rxd3 Re8 27. Nf5 Qf8
28. Nd6 Rd7 29. Nxe8 Rxd3 30. Qxd3 Qxc5 31. h3 Qe7 32. Nd6 Qg5 33. Ne4 Bf5 34.
Qd4 Bxe4 35. Qxe4 Qxb5 36. Qa8+ Kg7 37. Qxa7 Qb1+ 38. Kh2 Qf5 39. Qd4+ Kh7 40.
Qf4 Qxf4+ 41. exf4 Kg7 42. Kg3 f5 43. Kf3 Kf6 44. Ke3 Ke6 45. Kd4 g5 46. fxg5
hxg5 47. g3 Kd6 48. f4 gxf4 49. gxf4 Ke6 50. Kc5 Ke7 51. Kd5 Kf6 52. Kd6 Kf7 53.
Ke5 Kg6 1-0

[Event "41st Olympiad Women 2014"]
[Site "Tromso NOR"]
[Date "2014.08.04"]
[Round "3.38"]
[Board "4"]
[White "Miranda Gonzalez, Nicole"]
[Black "Azhar, Puteri Rifqah Fahada"]
[Result "0-1"]
[WhiteElo "1943"]
[BlackElo "1860"]
[WhiteTeam "Chile"]
[BlackTeam "Malaysia"]
[WhiteFideId "3405770"]
[BlackFideId "5702879"]
[EventDate "2014.08.02"]

1. e4 c5 2. c3 e6 3. d4 cxd4 4. cxd4 Nf6 5. Nc3 d6 6. Nf3 Be7 7. Bd3 a6 8. O-O
O-O 9. e5 Nd5 10. exd6 Qxd6 11. Ne4 Qd8 12. Re1 Nc6 13. a3 h6 14. Bc2 f5 15. Nc3
Bf6 16. Ne5 Qb6 17. Nxd5 exd5 18. Bb3 Rd8 19. Nxc6 bxc6 20. Be3 Bd7 21. Rb1 f4
22. Bxf4 Bxd4 23. Be3 Bxe3 24. Rxe3 Bf5 25. Rc1 Kh8 26. Qh5 Be4 27. Qe2 c5 28.
f3 Bh7 29. Re1 c4 30. Ba2 Re8 31. Kh1 Rxe3 32. Qxe3 Qxb2 33. Qe6 Qxa2 34. Qxd5
Rb8 35. Qe6 Rb1 36. Kg1 Rxe1+ 37. Qxe1 Qxa3 38. Qe8+ Bg8 39. Qc6 Qe3+ 40. Kf1 c3
41. Qa4 Qd3+ 42. Kf2 c2 0-1

[Event "41st Olympiad Women 2014"]
[Site "Tromso NOR"]
[Date "2014.08.04"]
[Round "3.39"]
[Board "1"]
[White "Caxita, Esperanca"]
[Black "Yuan, Yuanling"]
[Result "0-1"]
[WhiteTitle "WIM"]
[BlackTitle "WIM"]
[WhiteElo "1727"]
[BlackElo "2241"]
[WhiteTeam "Angola"]
[BlackTeam "Canada"]
[WhiteFideId "10100903"]
[BlackFideId "8604541"]
[EventDate "2014.08.02"]

1. e4 c5 2. Nf3 d6 3. d4 cxd4 4. Nxd4 Nf6 5. Nc3 g6 6. Be2 Bg7 7. Be3 Nc6 8. f3
O-O 9. Qd2 d5 10. O-O-O Nxd4 11. Qxd4 Nxe4 12. Qxd5 Nd6 13. Qb3 Be6 14. Qa3 Qc7
15. Bd4 f6 16. g4 Rfc8 17. Rhe1 b5 18. Bd3 Bf7 19. Re2 Rab8 20. Qxa7 Rb7 21. Qa6
b4 22. Ne4 Nc4 23. Kb1 Rd8 24. Bf2 Nxb2 25. Bg3 Qc8 26. Rc1 Nc4 27. Rce1 Rxd3
28. Nc5 Qxc5 29. Qxb7 Na3+ 30. Kc1 Qc3 0-1

[Event "41st Olympiad Women 2014"]
[Site "Tromso NOR"]
[Date "2014.08.04"]
[Round "3.39"]
[Board "2"]
[White "Khoudgarian, Natalia"]
[Black "Domingos, Maria M"]
[Result "1-0"]
[WhiteTitle "WIM"]
[WhiteElo "2136"]
[BlackElo "1576"]
[WhiteTeam "Canada"]
[BlackTeam "Angola"]
[WhiteFideId "2602121"]
[BlackFideId "10100768"]
[EventDate "2014.08.02"]

1. e4 e5 2. Nf3 Nc6 3. Nc3 Nf6 4. d4 exd4 5. Nxd4 Nxd4 6. Qxd4 c5 7. Qa4 h6 8.
e5 Nh7 9. Bd3 g6 10. e6 Qe7 11. O-O fxe6 12. Bxg6+ Kd8 13. Bf4 Rg8 14. Bh5 d6
15. Bxd6 Qg5 16. Qe8# 1-0

[Event "41st Olympiad Women 2014"]
[Site "Tromso NOR"]
[Date "2014.08.04"]
[Round "3.39"]
[Board "3"]
[White "Joao, Delfina"]
[Black "Zhou, Qiyu"]
[Result "0-1"]
[BlackTitle "WCM"]
[WhiteElo "1534"]
[BlackElo "2109"]
[WhiteTeam "Angola"]
[BlackTeam "Canada"]
[WhiteFideId "10100920"]
[BlackFideId "505161"]
[EventDate "2014.08.02"]

1. e4 e5 2. Nf3 Nc6 3. Bb5 a6 4. Bxc6 dxc6 5. O-O Bg4 6. d3 Qf6 7. Nbd2 Bd6 8.
Re1 Ne7 9. c3 O-O-O 10. b4 Ng6 11. h3 Bd7 12. Nc4 h6 13. Be3 Nf4 14. Nxd6+ cxd6
15. Qd2 Nxh3+ 16. Kf1 Nf4 17. Bxf4 exf4 18. Ng1 g5 19. Ke2 d5 20. exd5 Qe5+ 21.
Kf1 Qxd5 22. d4 Bf5 23. a3 Qc4+ 24. Ne2 h5 0-1

[Event "41st Olympiad Women 2014"]
[Site "Tromso NOR"]
[Date "2014.08.04"]
[Round "3.40"]
[Board "1"]
[White "Hashimoto, Azumi"]
[Black "Smith, Javanna"]
[Result "0-1"]
[BlackTitle "WCM"]
[WhiteElo "1712"]
[BlackElo "1747"]
[WhiteTeam "Japan"]
[BlackTeam "Trinidad & Tobago"]
[WhiteFideId "7001800"]
[BlackFideId "7700466"]
[EventDate "2014.08.02"]

1. d4 d6 2. Nf3 Nf6 3. c4 g6 4. Nc3 Bg7 5. e4 O-O 6. Be2 Nc6 7. d5 Ne5 8. Nxe5
dxe5 9. O-O h6 10. a3 a5 11. Be3 Kh7 12. Rb1 Ne8 13. Qd2 f5 14. f3 f4 15. Bf2 g5
16. b4 axb4 17. axb4 Ra6 18. c5 Rg6 19. Qd1 h5 20. Nb5 Bf6 21. Na7 g4 22. Nxc8
g3 23. Be1 gxh2+ 24. Kh1 Rfg8 25. Na7 Rxg2 26. Bc3 Qd7 0-1

[Event "41st Olympiad Women 2014"]
[Site "Tromso NOR"]
[Date "2014.08.04"]
[Round "3.40"]
[Board "2"]
[White "Soondarsingh, Aditi"]
[Black "Hoshino, Karen"]
[Result "0-1"]
[WhiteTitle "WCM"]
[BlackTitle "WCM"]
[WhiteElo "1747"]
[BlackElo "1738"]
[WhiteTeam "Trinidad & Tobago"]
[BlackTeam "Japan"]
[WhiteFideId "7700598"]
[BlackFideId "2137984"]
[EventDate "2014.08.02"]

1. e4 c5 2. d4 cxd4 3. c3 dxc3 4. Nxc3 e6 5. Nf3 a6 6. Bc4 b5 7. Bb3 Bb7 8. O-O
b4 9. Nd5 exd5 10. exd5 Bd6 11. Qd4 Qf6 12. Re1+ Ne7 13. Bg5 Qxd4 14. Nxd4 Kf8
15. Bxe7+ Bxe7 16. Re2 Bc5 17. Rae1 g6 18. Nf3 Kg7 19. Ng5 a5 20. d6 Nc6 21.
Nxf7 Rhf8 22. Ng5 Ba6 23. Rd2 Rae8 24. Red1 Be2 25. Ne6+ Rxe6 26. Bxe6 Bxf2+ 27.
Kh1 Bxd1 28. Bxd7 Be1 0-1

[Event "41st Olympiad Women 2014"]
[Site "Tromso NOR"]
[Date "2014.08.04"]
[Round "3.40"]
[Board "4"]
[White "Rahaman, Najarah"]
[Black "Hasegawa, Emi"]
[Result "1/2-1/2"]
[BlackTitle "WCM"]
[WhiteElo "1478"]
[BlackElo "1698"]
[WhiteTeam "Trinidad & Tobago"]
[BlackTeam "Japan"]
[WhiteFideId "7702442"]
[BlackFideId "7000103"]
[EventDate "2014.08.02"]

1. c4 Nf6 2. g3 e6 3. Bg2 Be7 4. Nf3 O-O 5. O-O d5 6. b3 c5 7. Bb2 Nc6 8. d3 Qc7
9. Nbd2 Rd8 10. Qc2 d4 11. e3 e5 12. e4 Nh5 13. Bc1 Be6 14. Nb1 Qd7 15. Ng5 h6
16. Nxe6 Qxe6 17. Qe2 Qg6 18. Nd2 Rd6 19. Nf3 Re8 20. Bd2 Bd8 21. a3 Bg5 22.
Nxg5 hxg5 23. Bf3 Nf6 24. h3 Nd8 25. b4 b6 26. b5 Ne6 27. Kh2 Kf8 28. Rg1 Ke7
29. a4 Rh8 30. Bg2 Rdd8 31. Rh1 Rh7 32. Kg1 Rdh8 33. a5 Nd7 34. axb6 axb6 35.
Ra7 f6 36. Qg4 Qf7 37. Qd1 Qh5 38. Qa4 Qe2 39. Rxd7+ Kxd7 40. Qa7+ Nc7 41. Qxb6
Qxd2 42. Qc6+ Kd8 43. b6 Na6 44. Qa8+ Ke7 45. Qxa6 Rd8 46. b7 Qb4 47. Qa7 Ke8
48. Qa8 g6 49. b8=Q Qxb8 50. Qc6+ Ke7 51. Qxc5+ Qd6 52. Qa7+ Rd7 53. Qa2 Rh8 54.
Kh2 Rb8 55. Rc1 Qc5 56. Qe2 Rdb7 57. Rf1 Rb2 58. Qf3 R8b3 59. Qg4 Rxd3 60. h4
Qxc4 61. hxg5 Qe6 62. gxf6+ Qxf6 63. Kg1 Rdd2 64. Bh3 Rb7 65. Qc8 Rdb2 66. Qg8
Rb1 67. Qa2 Rxf1+ 68. Kxf1 Qd6 69. Qg8 Rb1+ 70. Kg2 Qf6 71. Qh7+ Kd6 72. Qg8 Rb5
73. Qc4 Rc5 74. Qa6+ Rc6 75. Qa3+ Rc5 76. Qa6+ Rc6 77. Qa3+ Rc5 78. Qa6+ Rc6 1/2-1/2

[Event "41st Olympiad Women 2014"]
[Site "Tromso NOR"]
[Date "2014.08.04"]
[Round "3.41"]
[Board "1"]
[White "Vilhete, Vania Fausto Da T."]
[Black "Bosch Garcia, Jacqueline"]
[Result "0-1"]
[WhiteTitle "WIM"]
[BlackTitle "WFM"]
[WhiteElo "1832"]
[BlackElo "2173"]
[WhiteTeam "Mozambique"]
[BlackTeam "Ecuador"]
[WhiteFideId "14800144"]
[BlackFideId "3503844"]
[EventDate "2014.08.02"]

1. d4 Nf6 2. Nf3 e6 3. c4 b6 4. Nc3 Bb7 5. Bg5 h6 6. Bh4 Bb4 7. e3 g5 8. Bg3 Ne4
9. Qc2 f5 10. a3 Bxc3+ 11. bxc3 d6 12. Nd2 Qf6 13. Nxe4 Bxe4 14. Qd2 Nd7 15. d5
exd5 16. cxd5 Nc5 17. Rd1 g4 18. Bb5+ Kf7 19. O-O h5 20. f3 h4 21. Bxh4 Rxh4 22.
fxe4 Nxe4 23. Qb2 Ke7 24. Bd3 Qe5 25. Bxe4 Qxh2+ 26. Kf2 fxe4 27. Ke1 Qg3+ 28.
Qf2 Qxf2+ 29. Kxf2 Rf8+ 30. Kg3 Rxf1 31. Rxf1 Rh5 32. c4 b5 33. Kxg4 Re5 34. Rc1
Kd7 35. Kf4 bxc4 36. Rxc4 Rxd5 37. Kxe4 Ra5 38. Rc3 c5 39. Kd5 Ra4 40. g3 Rg4
41. e4 Rg5+ 42. Kc4 Kc6 43. Rf3 Rg4 44. Kd3 Kb5 45. Re3 Kc6 46. Kc3 Kd7 47. Kd3
Ke6 48. Rf3 a5 49. Re3 Ke5 50. a4 Rg7 51. Rf3 Rb7 52. Rf5+ Ke6 53. Rg5 Rb3+ 54.
Kc2 Rb4 55. Rg6+ Ke5 56. Kd3 Rd4+ 57. Kc3 Rxe4 58. Rg5+ Kf6 59. Rd5 0-1

[Event "41st Olympiad Women 2014"]
[Site "Tromso NOR"]
[Date "2014.08.04"]
[Round "3.41"]
[Board "3"]
[White "Castro, Neusa Aridas De"]
[Black "Moncayo Romero, Evelyn"]
[Result "0-1"]
[BlackTitle "WIM"]
[WhiteElo "1467"]
[BlackElo "2119"]
[WhiteTeam "Mozambique"]
[BlackTeam "Ecuador"]
[WhiteFideId "14800250"]
[BlackFideId "3600424"]
[EventDate "2014.08.02"]

1. e4 c5 2. Nf3 d6 3. Bc4 e6 4. Nc3 Nf6 5. d3 Be7 6. O-O a6 7. a3 b5 8. Ba2 Bb7
9. Re1 Nbd7 10. Bd2 O-O 11. Ne2 a5 12. b4 axb4 13. axb4 Qb6 14. Ng3 d5 15. exd5
Nxd5 16. bxc5 Nxc5 17. Bxd5 Bxd5 18. Rxa8 Rxa8 19. Ne5 Qb7 20. f3 f6 21. Ng4 Na4
22. Ne3 Bc6 23. Ng4 Bc5+ 24. Kh1 Qf7 25. Qe2 Re8 26. Rb1 Bd4 27. Qe1 Bb2 28. Bc1
Bd4 29. Be3 Bxe3 30. Qxe3 h5 31. Nf2 Qg6 32. Nge4 e5 33. Nd6 Ra8 34. h3 Nc3 35.
Rc1 Nd5 36. Qe1 Nf4 37. Qf1 f5 38. Nde4 fxe4 39. dxe4 Qg3 40. Nd3 Rf8 41. Nxe5
Bxe4 42. Nd7 Rf7 43. Ne5 Rf5 44. fxe4 Rxe5 45. Qf3 Qxf3 46. gxf3 Nxh3 47. Kg2
Nf4+ 48. Kh2 Rc5 49. c3 Ne2 50. Rc2 Nd4 51. Rc1 Nxf3+ 52. Kg3 Nd4 53. Kh4 Ne2
54. Rc2 Nxc3 55. e5 Ne4 56. Ra2 Rxe5 57. Rb2 Nc3 58. Kg3 Kh7 59. Kh4 Kh6 0-1

[Event "41st Olympiad Women 2014"]
[Site "Tromso NOR"]
[Date "2014.08.04"]
[Round "3.42"]
[Board "1"]
[White "Chandrasiri, S A K"]
[Black "Shamima, Akter Liza"]
[Result "0-1"]
[WhiteTitle "WFM"]
[BlackTitle "WIM"]
[WhiteElo "1777"]
[BlackElo "2147"]
[WhiteTeam "Sri Lanka"]
[BlackTeam "Bangladesh"]
[WhiteFideId "9905049"]
[BlackFideId "10202587"]
[EventDate "2014.08.02"]

1. d4 d5 2. c4 c6 3. Nc3 Nf6 4. Nf3 a6 5. cxd5 cxd5 6. a4 Nc6 7. h3 Bf5 8. Bf4
e6 9. e3 Qb6 10. Qd2 Ne4 11. Qc1 Nb4 12. Nh4 Nxc3 13. Nxf5 Nca2 14. Qb1 exf5 15.
Rxa2 Nxa2 16. Qxa2 Rc8 17. Qb1 Bb4+ 18. Kd1 O-O 19. Qxf5 Bd6 20. Bd3 g6 21. Qf6
Qxb2 22. e4 Bxf4 23. Qxf4 dxe4 24. Bxe4 Qa1+ 0-1

[Event "41st Olympiad Women 2014"]
[Site "Tromso NOR"]
[Date "2014.08.04"]
[Round "3.42"]
[Board "2"]
[White "Khan, Nazrana"]
[Black "Yashora, Tiumi"]
[Result "1-0"]
[WhiteTitle "WFM"]
[WhiteElo "2001"]
[BlackElo "1715"]
[WhiteTeam "Bangladesh"]
[BlackTeam "Sri Lanka"]
[WhiteFideId "10201734"]
[BlackFideId "9903534"]
[EventDate "2014.08.02"]

1. d4 Nf6 2. c4 e6 3. Nf3 c5 4. Nc3 cxd4 5. Nxd4 a6 6. g3 Bb4 7. Bd2 Qb6 8. e3
Nc6 9. Nf3 O-O 10. Bg2 d5 11. cxd5 exd5 12. O-O Bf5 13. Nh4 Bd3 14. Re1 Rfd8 15.
Na4 Qb5 16. a3 Bxd2 17. Qxd2 Ne4 18. Qd1 d4 19. Rc1 dxe3 20. Rxe3 Bc4 21. Qc2
Nd2 22. Nc3 Qg5 23. Ne4 Nxe4 24. Bxe4 Be6 25. Bxh7+ Kh8 26. Be4 Nd4 27. Qb1 Bg4
28. Rce1 Rab8 29. Bg2 Rdc8 30. Be4 Ne2+ 31. Kg2 Nd4 32. f3 Be6 33. f4 Qb5 34.
Kg1 f5 35. Bd3 Bc4 36. Qd1 Bxd3 37. Rxd3 Rd8 38. Re7 Ne2+ 39. Qxe2 Qxd3 40. Qh5+ 1-0

[Event "41st Olympiad Women 2014"]
[Site "Tromso NOR"]
[Date "2014.08.04"]
[Round "3.42"]
[Board "3"]
[White "Methmali, Y."]
[Black "Sultana, Zakia"]
[Result "1-0"]
[WhiteTitle "WCM"]
[BlackTitle "WFM"]
[WhiteElo "1727"]
[BlackElo "1964"]
[WhiteTeam "Sri Lanka"]
[BlackTeam "Bangladesh"]
[WhiteFideId "9900888"]
[BlackFideId "10201220"]
[EventDate "2014.08.02"]

1. e4 e6 2. d4 d5 3. e5 c5 4. c3 Nc6 5. Nf3 Bd7 6. Bd3 Qb6 7. dxc5 Bxc5 8. O-O
h6 9. Qe2 Qc7 10. b4 Be7 11. Bf4 a6 12. a4 g5 13. Bg3 h5 14. h4 gxh4 15. Nxh4
Bxh4 16. Bxh4 Qxe5 17. Qb2 Nce7 18. Qd2 Nh6 19. Re1 Qg7 20. Qg5 Qxg5 21. Bxg5
Nhf5 22. Nd2 Rg8 23. Nf3 Rc8 24. Bf6 Rg6 25. Bxe7 Nxe7 26. Bxg6 Nxg6 27. Re3 f6
28. Rd1 Kf7 29. a5 Ne7 30. Nh4 e5 31. g3 Be6 32. Rde1 Rc4 33. f4 e4 34. Rd1 f5
35. Kf2 Kf6 36. Rde1 Bf7 37. Nf3 Rc7 38. Nd4 Ng8 39. Ke2 Nh6 40. Kd2 Ng4 41.
R3e2 Be8 42. Rh1 Bg6 43. Rb1 Be8 44. b5 axb5 45. Nxb5 Re7 46. Nd4 Bg6 47. Rb6+
Kf7 48. Ke1 e3 49. Reb2 Nf2 50. R2b5 Ne4 51. Rxb7 Nxg3 52. Rxe7+ Kxe7 53. a6 h4
54. Nf3 Be8 55. Rb7+ Kd6 56. a7 1-0

[Event "41st Olympiad Women 2014"]
[Site "Tromso NOR"]
[Date "2014.08.04"]
[Round "3.42"]
[Board "4"]
[White "Sultana, Sharmin Shirin"]
[Black "Thilakawardana, Supeshala"]
[Result "1-0"]
[WhiteTitle "WFM"]
[BlackTitle "WFM"]
[WhiteElo "1984"]
[BlackElo "1729"]
[WhiteTeam "Bangladesh"]
[BlackTeam "Sri Lanka"]
[WhiteFideId "10204482"]
[BlackFideId "9902759"]
[EventDate "2014.08.02"]

1. d4 Nf6 2. c4 e6 3. Nf3 Bb4+ 4. Bd2 Qe7 5. Qc2 b6 6. e4 Bb7 7. Bd3 Bxd2+ 8.
Nbxd2 d6 9. O-O Nbd7 10. e5 dxe5 11. dxe5 Ng4 12. Be4 c6 13. Qc3 Rd8 14. Rad1 h5
15. h3 Nh6 16. Qe3 g6 17. Bb1 Nf5 18. Qf4 Nc5 19. b4 Nd7 20. a3 a5 21. Bxf5 gxf5
22. Rb1 a4 23. Rfd1 Nf8 24. Qe3 Qc7 25. Nh4 Rg8 26. Ndf3 Ng6 27. Nxg6 Rxg6 28.
Nh4 Rg8 29. Re1 c5 30. bxc5 bxc5 31. Rbd1 Rxd1 32. Rxd1 Bxg2 33. Nxg2 Qb7 34. f3
Qb2 35. Qd2 Qb8 36. Qd6 Qxd6 37. Rxd6 Rg3 38. Kf2 Rxh3 39. Ra6 h4 40. Rxa4 Rh1
41. Nf4 Rc1 42. Ra8+ Ke7 43. Rh8 Rc2+ 44. Ke3 Rc3+ 45. Ke2 Rc2+ 46. Kd3 Ra2 47.
Rxh4 Rxa3+ 48. Ke2 Ra2+ 49. Ke3 Ra3+ 50. Nd3 Kf8 51. Rh8+ Kg7 52. Rc8 Kg6 53. f4
Ra1 54. Rxc5 Rh1 55. Rc8 1-0

[Event "41st Olympiad Women 2014"]
[Site "Tromso NOR"]
[Date "2014.08.04"]
[Round "3.43"]
[Board "1"]
[White "Steil-Antoni, Fiona"]
[Black "Feliciano Ebert, Vanessa"]
[Result "1/2-1/2"]
[WhiteTitle "WIM"]
[BlackTitle "WIM"]
[WhiteElo "2112"]
[BlackElo "2226"]
[WhiteTeam "Luxembourg"]
[BlackTeam "Brazil"]
[WhiteFideId "4001249"]
[BlackFideId "2114160"]
[EventDate "2014.08.02"]

1. e4 c5 2. Nf3 e6 3. d3 d5 4. Qe2 Ne7 5. g3 g6 6. Bg2 Bg7 7. O-O Nbc6 8. c3 b6
9. Rd1 Ba6 10. Qc2 O-O 11. Nbd2 dxe4 12. Nxe4 h6 13. Ne1 e5 14. f4 exf4 15. Bxf4
Nd5 16. Bc1 Bb7 17. Nf3 f5 18. Nf2 Kh7 19. a3 Qd7 20. Bd2 f4 21. c4 Ne3 22. Bxe3
fxe3 23. Ne4 Rae8 24. Qe2 Nd4 25. Nxd4 cxd4 26. Rf1 Bxe4 27. Bxe4 Rxf1+ 28. Rxf1
Rxe4 29. dxe4 d3 30. Qxe3 Bd4 31. Rf7+ Qxf7 32. Qxd4 Qf3 33. Qd7+ Kh8 34. Qe8+ 1/2-1/2

[Event "41st Olympiad Women 2014"]
[Site "Tromso NOR"]
[Date "2014.08.04"]
[Round "3.43"]
[Board "2"]
[White "Terao, Juliana Sayumi"]
[Black "Biryukov, Alice"]
[Result "1-0"]
[WhiteTitle "WIM"]
[WhiteElo "2222"]
[BlackElo "1941"]
[WhiteTeam "Brazil"]
[BlackTeam "Luxembourg"]
[WhiteFideId "2109220"]
[BlackFideId "4002440"]
[EventDate "2014.08.02"]

1. e4 e5 2. Nf3 Nc6 3. Bb5 a6 4. Ba4 Nf6 5. d3 b5 6. Bb3 Bc5 7. O-O O-O 8. Nc3
h6 9. a4 b4 10. Nd5 a5 11. c3 d6 12. Be3 Be6 13. d4 exd4 14. cxd4 Bg4 15. dxc5
Ne5 16. cxd6 Nxd5 17. Qxd5 Nxf3+ 18. gxf3 Bh3 19. Rfd1 Qh4 20. Qe5 Kh8 21. Qg3
Qh5 22. dxc7 f6 23. Rd5 g5 24. Rad1 Be6 25. Rd8 1-0

[Event "41st Olympiad Women 2014"]
[Site "Tromso NOR"]
[Date "2014.08.04"]
[Round "3.43"]
[Board "3"]
[White "Kremer, Nadine"]
[Black "Chaves, Joara"]
[Result "1/2-1/2"]
[BlackTitle "WIM"]
[WhiteElo "1844"]
[BlackElo "2026"]
[WhiteTeam "Luxembourg"]
[BlackTeam "Brazil"]
[WhiteFideId "4002970"]
[BlackFideId "2100622"]
[EventDate "2014.08.02"]

1. e4 e5 2. Nc3 Nc6 3. f4 d6 4. Nf3 a6 5. fxe5 dxe5 6. Bc4 Bg4 7. d3 Qd7 8. Be3
f6 9. Qd2 Nge7 10. Rf1 Na5 11. Bd5 Nxd5 12. Nxd5 Nc6 13. h3 Be6 14. Nc3 O-O-O
15. a3 Nd4 16. Ne2 Bc5 17. Nexd4 exd4 18. Bf4 Rhe8 19. O-O-O Qa4 20. Qf2 g5 21.
Bh2 Bxa3 22. bxa3 Qxa3+ 23. Kd2 Qc3+ 24. Ke2 Bc4 25. Qg3 Rxe4+ 26. Kf2 Re7 27.
Rfe1 Rde8 28. dxc4 Qxc4 29. Qg4+ Kb8 30. Nxd4 Qc5 31. Kf1 1/2-1/2